| 000 | 00423nam a2200181Ia 4500 | ||
|---|---|---|---|
| 001 | 21260 | ||
| 005 | 20260306172906.0 | ||
| 008 | 260306t2008||||xx |||||||||||||| ||spa|| | ||
| 041 | _aESP | ||
| 082 |
_a344.51 _bG63 |
||
| 100 |
_aGómez Hinostroza, Violeta Crsitina _eAUT |
||
| 245 | 0 | _aEutanasia | |
| 260 | _c2008 | ||
| 300 |
_a222 páginas : _c23 cm. |
||
| 650 | _aGEN | ||
| 654 | _aCDE | ||
| 942 |
_cLIB _dJUS _fJUS _2ddc _n |
||
| 999 |
_c21260 _d21260 |
||